| 000 | 02606nam0a22003611 4500 | ||
|---|---|---|---|
| 001 | v19\rc\1358698 | ||
| 005 | 20250618081210.0 | ||
| 035 | _a(NLR Aleph) 004501268 | ||
| 090 |
_a4689991 _c4689991 |
||
| 100 | _a20060512d1866 |||y0rusy50 ca | ||
| 101 | 1 |
_arus _cfre |
|
| 102 | _aRU | ||
| 105 | _ay z ||||| | ||
| 200 | 1 |
_aТайны сна и магнетизма, или Толкование явлений царства незримого мира, пророческих снов, видений духов, обманов чувств... _fСоч. д-ра Дебэ |
|
| 210 |
_aМосква _cтип. П. Бахметев _d1866 |
||
| 215 |
_a[4], 348 с. _d22 |
||
| 300 | _aЗагл. ориг.: Hypnologie: du sommeil et des songes au point de vue physiologique, somnambulisme, magnétisme, extase, hallucination, exposé d'une théorie du fluide électro-sympatique | ||
| 300 | _aПер. также под загл.: Книга чудес или Простые речи о мудреных вещах... Книга чудес, или Физиология незримого мира. Мир чудесного, таинственного и неразгаданного | ||
| 451 | 0 |
_12001#$aКнига чудес или Простые речи о мудреных вещах... _tКнига чудес или Простые речи о мудреных вещах... |
|
| 451 | 0 |
_12001#$aКнига чудес, или Физиология незримого мира _tКнига чудес, или Физиология незримого мира |
|
| 451 | 0 |
_12001#$aМир чудесного, таинственного и неразгаданного _tМир чудесного, таинственного и неразгаданного |
|
| 454 | 0 |
_12001#$aHypnologie: du sommeil et des songes au point de vue physiologique, somnambulisme, magnétisme, extase, hallucination, exposé d'une théorie du fluide électro-sympatique _tHypnologie: du sommeil et des songes au point de vue physiologique, somnambulisme, magnétisme, extase, hallucination, exposé d'une théorie du fluide électro-sympatique |
|
| 517 | 0 | _aТолкование явлений царства незримого мира, пророческих снов, видений духов, обманов чувств | |
| 700 | 1 |
_aДебэ _bО. _f1802-1890 _gОгюст |
|
| 801 | 0 |
_aRU _bNLR _gpsbo |
|
| 801 | 0 |
_aRU _bRuMoRGB _2psbo |
|
| 801 | 1 |
_aRU _bProSoft-M _2rusmarc |
|
| 852 |
_aNLR _j18.51.6.51 |
||
| 899 |
_aRuMoRGB _jE 58/99 |
||
| 899 |
_aRuMoRGB _jE 104/590 |
||
| 899 | _aБАН | ||
| 942 | _cBOOK | ||
| 980 | _aNB | ||